| 000 | 01032nam a2200265 i 4500 | ||
|---|---|---|---|
| 003 | DO-SdBNP | ||
| 005 | 20250728100017.0 | ||
| 007 | ta | ||
| 008 | 250728s2005 dr 000 0 spa d | ||
| 020 | _a994543604X | ||
| 040 |
_aDO-SdBNP _bspa _cBNPHU _erda |
||
| 082 |
_axxxx _bR426 _222 |
||
| 110 | 1 |
_aRepública Dominicana. _bSecretaria de Estado de Salud Pública y Asistencia Social _956549 |
|
| 245 | 1 | 0 |
_aModelo de red de los servicios regionales de salud : _cuna guía para el desarrollo de los servicios de salud para la atención a las personas / _bprólogo, Bautista Rojas Gómez ; presentación, Héctor Otero Cruz |
| 264 | 1 |
_aSanto Domingo : _bSESPAS, _c2005. |
|
| 300 |
_a200 páginas _c28 cm. |
||
| 336 |
_atexto _btxt _2rdacontent |
||
| 337 |
_asin mediación _bn _2rdamedia |
||
| 338 |
_avolumen _bnc _2rdacarrier |
||
| 590 | _aInventariado, 2025/ YL | ||
| 700 | 1 |
_aRojas Gómez, Bautista _eprologuista _4pr. _91410 |
|
| 700 | 1 |
_aOtero Cruz, Héctor _epresentador _4pr. _919641 |
|
| 910 | _aYLockward | ||
| 942 |
_2ddc _cLBS1 |
||
| 999 |
_c59650 _d59650 |
||